Casamento e Divr̤cio na Perspectiva Civil Constitucional

Detalles Bibliográficos
Autor principal: Soares Ribeiro, Paulo Hermano
Otros Autores: MG e da FADISA, Claros, Pires da Fonseca, Edson
Formato: Libro
Lenguaje:portugués
Publicado: Brasil JH Mizuno 2012
Materias:
Acceso en línea:Acceso restringido

MARC

LEADER 00000nam a22000007a 4500
005 2016041307577.0
007 cr|||| ||u|
008 160413s2012 bl ||||| |||| 00||0 por d
020 |a 978-85-7789-102-3 
035 |a 14081 
040 |a vLex  
090 |c 5973  |d 5973 
100 1 |a Soares Ribeiro, Paulo Hermano 
245 1 0 |a  Casamento e Divr̤cio na Perspectiva Civil Constitucional  |h [Recurso electrn̤ico] /  |c Paulo Hermano Soares Ribeiro 
256 |a Servicio en ln̕ea  
260 |a Brasil  |b JH Mizuno  |c 2012 
300 |a 1 recurso electrn̤ico  
500 |a Idealizado sob os novos paradigmas da Emenda Constitucional nð 66/2010, do Reconhecimento da Uniô Estv̀el Homoafetiva pelo Supremo Tribunal Federal, e da possibilidade do casamento homoafetivo pelo Superior Tribunal de Justiȧ. Atualizado com a usucapiô punitiva (art. 1.240-A do Cd̤igo Civil inserido pela Lei 12.424/2011)  
506 1 |a Contenido solo disponible en los productos indicados   |d vLex Global  |d vLex Global (Academic Edition, excluding Law Schools)  |d vLex Global (U.S. Academic Edition, Law Schools)  |d vLex Global (U.S. Academic Edition, excluding Law Schools)  |d vLex Global (Academic Edition, Law Schools) 
650 0 4 |a Derecho civil   |z Brasil  
700 1 |a MG e da FADISA, Claros 
700 1 |a Pires da Fonseca, Edson  
740 0 |a vLex libros (servicio en ln̕ea)  
856 4 0 |u http://vlex.com/source/casamento-divorcio-14081  |z Acceso restringido  
942 |c BOOK 
999 0 |a Civil Law   |b Brasil